| 000 | 00724nam a22001577a 4500 | ||
|---|---|---|---|
| 003 | OSt | ||
| 005 | 20150927144738.0 | ||
| 008 | 150927b xxu||||| |||| 00| 0 eng d | ||
| 040 | _cRUA | ||
| 082 | _aAGR PEN 1998 B020 Or.1 | ||
| 100 |
_91420 _aPEN, RITHEA. |
||
| 245 | _aThe demage of sitophus zeamais and the measures to control on red crop of c.p cambodia co.ltd, ការបំផ្លាញនៃខ្មូត sitophilus zeamais និងវិធានការកំចាត់លើពោតក្រហម របស់ក្រុមហ៊ុនផលិតចំណីសត្វ ស៊ី ភី កម្ពុជា | ||
| 260 |
_aPhnom Penh _bRUA _c1998 |
||
| 300 |
_a59p. _bill. _c29cm. |
||
| 942 |
_2ddc _cAGR |
||
| 999 |
_c1336 _d1336 |
||